000
00327nam a22001337a 4500
008
210521b ||||| |||| 00| 0 eng d
041
_a
eng
080
_a
316
082
_a
316
100
_a
50
101
_a
SOC
245
_a
Female Power and Male Dominace On the Origins of sexual inequality
_c
Sanday,P.R
942
_2
udc
_c
BK
999
_c
57590
_d
57590